00885nam a2200337Ia 4500008004100000020001800041040001200059082001400071082001500085100001700100245002400117250000600141260001100147260003800158260000900196300001300205300000600218300001400224530001600238530001700254563001000271600001700281630002400298650003500322650001400357700001700371730002400388942000900412999002100421952010500442160525s9999||||xx |||||||||||||| ||und|| a0-8356-7140-2 cenglish aix/taimni bBORI-49151 ai. k. taimni athe science of yoga b5 amadras bthe theosophical publishing house c1974 axiii-448 cb epaperback bm. r. yarde u00049099.pdf astudy ai. k. taimni athe science of yoga a"nyaya, yoga, tantra, vedanta" adarshanas ai. k. taimni athe science of yoga cBOOK c1379779d1379776 00104070aBORIbBORId0000-00-00l0oBORI-49151pBORI-49151r2016-05-25 00:00:00w2016-05-25yBOOK